Geology of proposed Blue Lake dam site and tunnel near Sitka, Alaska. (Record no. 28612)

MARC details
000 -LEADER
fixed length control field 00764cam a22002411 4500
001 - CONTROL NUMBER
control field gs 52000047
003 - CONTROL NUMBER IDENTIFIER
control field DLC
005 - DATE AND TIME OF LATEST TRANSACTION
control field 20260227111358.0
008 - FIXED-LENGTH DATA ELEMENTS--GENERAL INFORMATION
fixed length control field 770317s1951 dcub f00000 eng c
010 ## - LIBRARY OF CONGRESS CONTROL NUMBER
LC control number gs 52000047 //r85
040 ## - CATALOGING SOURCE
Original cataloging agency U.S. Geol. Survey. Libr.
Transcribing agency ak
043 ## - GEOGRAPHIC AREA CODE
Geographic area code n-us-ak
050 1# - LIBRARY OF CONGRESS CALL NUMBER
Classification number QE75
Item number .C5 no. 147
100 10 - MAIN ENTRY--PERSONAL NAME
Personal name Twenhofel, William Stephens,
Dates associated with a name 1918-
245 00 - TITLE STATEMENT
Title Geology of proposed Blue Lake dam site and tunnel near Sitka, Alaska.
260 0# - PUBLICATION, DISTRIBUTION, ETC.
Place of publication, distribution, etc. [Washington]
Date of publication, distribution, etc. 1951.
300 ## - PHYSICAL DESCRIPTION
Extent 4 p.
Other physical details maps (1 fold., in pocket)
Dimensions 26 cm.
490 1# - SERIES STATEMENT
Series statement Geological Survey circular 147
500 ## - GENERAL NOTE
General note Cover title.
650 #0 - SUBJECT ADDED ENTRY--TOPICAL TERM
Topical term or geographic name entry element Geology
Geographic subdivision Alaska
-- Sitka district.
651 #0 - SUBJECT ADDED ENTRY--GEOGRAPHIC NAME
Geographic name [Blue Lake Dam (Proposed)]
830 #0 - SERIES ADDED ENTRY--UNIFORM TITLE
Uniform title Geological Survey circular ;
Volume/sequential designation 147.

No items available.

Powered by Koha